Spell the Marvel Character #313 - Statistics

General Stats
  • This quiz has been taken 9 times
  • The average score is 9 of 10
Answer Stats
Picture Answer % Correct
Deadpool
100%
Gwenpool
89%
Nova
89%
Okoye
89%
Throg
89%
Werewolf by Night
89%
Inferno
78%
Ka-Zar
78%
Two-Gun Kid
78%
Ursa Major
78%
No matching quizzes found
Score Distribution
Percent of People with Each Score
Percentile by Number Answered
Your Score History
You have not taken this quiz